Países que empiezan con la misma letra que la capital. - Estadísticas

Estadísticas generales
  • Esta prueba ha sido intentada 53 veces
  • La puntuación promedio es 22 de 24
Estadísticas de respuestas
CONTINENTE CAPITAL PAÍS % Correcto
Andorra la Vieja Andorra
100%
EUROPA Bruselas Bélgica
100%
Ciudad del Vaticano Ciudad del Vaticano
100%
Mónaco Mónaco
100%
San Marino San Marino
100%
ÁMERICA Brasilia Brasil
98%
El Cairo Egipto
98%
Luxemburgo Luxemburgo
98%
Singapur Singapur
96%
Túnez Túnez
96%
ÁFRICA Argel Argelia
93%
Kuwait Kuwait
91%
SriJayawardenapura Kotte Sri Lanka
91%
Belmopan Belice
89%
Taipei Taiwan
89%
Yibuti Yibuti
89%
Santo Tomé Santo Tomé y Principe
87%
Bridgetown Barbados
83%
Georgetown Guyana
80%
Niamey Niger
80%
ASIA Bandar Seri Begawan Brunei
78%
Malé Maldivas
78%
OCEANÍA Port Moresby Papúa Nueva Guinea
78%
Maputo Mozambique
74%
No se encontraron pruebas coincidentes
Distribución de puntuación
Porcentaje de gente con cada puntuación
Porcentaje por número respondido
Historial de tus puntuaciones
No has intentado esta prueba.